000 00215nam a2200097Ia 4500
008 220204s9999 xx 000 0 und d
082 _a82-3
_bJOE
245 0 _aHit 29
260 _aNew York
_bPocket
_c1975
942 _cBK
999 _c29346
_d29346